Statistics for List all the Sino-Tibetan Languages🏔️⛩️🛕🏯

Click here to take the quiz!

General Stats

  • This quiz has been taken 336 times
    (150 since last reset)
  • The average score is 15 of 56

Answer Stats

Native SpeakersLanguage% Correct
917 millionMandarin
94%
73 millionYue (Cantonese)
92%
81 millionWu
89%
6 millionTibetan
86%
16 millianMinnan
80%
48 millionHakka
68%
32 millionBurmese
67%
22 millionGan
60%
37 millionXiang
60%
171kDzongkha
58%
170kSherpa
33%
1.3 millionBai
32%
140kQiang
30%
830kMizo
29%
110kLadakhi
26%
1.7 millionMeitei
26%
187kKarenni
25%
940kLisu
25%
10 millionMinbei (Fuzhou)
25%
860kNewar
25%
491kBalti
24%
940kJingpho
24%
1.8 millionAmdo
22%
1.1 millionGaro
22%
1.3 millionTamang
22%
325kGurung
20%
46 millionJinyu
20%
180kZou
18%
1 millionArakanese
17%
1.4 millionKhams Tibetan
17%
600kLahu
17%
1.4 millionBoro
16%
1.4 millionKokborok
16%
2 millionNuosu
16%
3 millionS'gaw
16%
340kZomi
16%
570kLolopo
15%
1.5 millionPa'o
15%
1.8 millionHani
14%
100kLhao Vo
13%
600kAkha
12%
300kNisu
10%
1 millionNasu
9%
150kChoni
8%
137kDimasa
8%
107kFalam
8%
320kLalo
8%
250kLipho
8%
400kMara
8%
139kRabha
8%
100kSani
8%
110kZaiwa
8%
120kAmal
7%
130kHakha
7%
170kTshongla
7%
229kThadou
6%

Score Distribution

Percentile by Number Answered

Percent of People with Each Score

Your Score History

You have not taken this quiz since the last reset